Práctica procesal civil (Record no. 35685)
[ view plain ]
| 000 -LEADER | |
|---|---|
| campo de control de longitud fija | 00822nam a2200217 i 4500 |
| 001 - NÚMERO DE CONTROL | |
| campo de control | 35685 |
| 003 - IDENTIFICADOR DE NÚMERO DE CONTROL | |
| campo de control | ES-MaACL |
| 005 - FECHA Y HORA DE LA ÚLTIMA TRANSACCIÓN | |
| campo de control | 20251005063035.0 |
| 007 - CAMPO FIJO DE DESCRIPCIÓN FÍSICA--INFORMACIÓN GENERAL | |
| campo de control de longitud fija | t| |
| 008 - DATOS DE LONGITUD FIJA--INFORMACIÓN GENERAL | |
| campo de control de longitud fija | 030213s1984 sp ||||1| spa d |
| 100 1# - ENTRADA PRINCIPAL--NOMBRE DE PERSONA | |
| Nombre de persona | Brocá, Guillermo María de, |
| Fechas asociadas al nombre | 1850-1918 |
| 9 (RLIN) | 31823 |
| 245 10 - MENCIÓN DEL TÍTULO | |
| Título | Práctica procesal civil |
| Resto del título | : textos legales, comentarios, formularios, jurisprudencia, bibliografía / |
| Mención de responsabilidad, etc. | Guillermo Mª de Broca, Arturo Majada. |
| 250 ## - MENCION DE EDICION | |
| Mención de edición | 20ª ed. |
| 260 ## - PUBLICACIÓN, DISTRIBUCIÓN, ETC. | |
| Lugar de publicación, distribución, etc. | Barcelona : |
| Nombre del editor, distribuidor, etc. | Bosch, |
| Fecha de publicación, distribución, etc. | [1984] |
| 300 ## - DESCRIPCIÓN FÍSICA | |
| Extensión | 1 t. en 8 v. ; |
| Dimensiones | 24 cm. |
| 505 8# - NOTA DE CONTENIDO CON FORMATO | |
| Nota de contenido con formato | Contiene: T. I-VI: Procedimientos generales. -- T. VII: Procedimientos especiales. -- T: VIII: Indices |
| 650 #4 - PUNTO DE ACCESO ADICIONAL DE MATERIA--TÉRMINO DE MATERIA | |
| Término de materia o nombre geográfico como elemento de entrada | Procedimiento civil- |
| Subdivisión geográfica | España. |
| 9 (RLIN) | 16420 |
| 700 1# - ENTRADA AGREGADA--NOMBRE PERSONAL | |
| Nombre de persona | Majada, Arturo. |
| 9 (RLIN) | 75639 |
| 852 ## - LOCALIZACIÓN | |
| Ubicación | ES-MaACL |
| Número de control de estantería | B-972-9 |
| Sublocalización o colección | R.106551 |
| Estatus retirado | Estado de pérdida | Estado de daño | No para préstamo | Biblioteca de origen | Biblioteca actual | Ubicación en estantería | Fecha de adquisición | Fuente de adquisición | Total de préstamos | Signatura topográfica completa | Código de barras | Visto por última vez | Precio de reemplazo | Tipo de ítem Koha |
|---|---|---|---|---|---|---|---|---|---|---|---|---|---|---|
| Biblioteca del Ateneo de Madrid | Biblioteca del Ateneo de Madrid | Sala Pardo Bazán | 17/01/2008 | B-972-9 | 1037368 | 23/02/2023 | 23/02/2023 | Libro impreso |
